| 000 | 01122nam a22003377a 4500 | ||
|---|---|---|---|
| 003 | CHAP | ||
| 005 | 20220817042443.0 | ||
| 008 | 971013s1994 r 00010 d | ||
| 010 | _a45203 | ||
| 011 | _a46175 | ||
| 035 | _a50315 | ||
| 040 | _cCHAP | ||
| 082 |
_a338.14 _bM47 |
||
| 110 |
_aMéxico. Secretaría de Comercio y Fomento Industrial _977155 |
||
| 245 |
_aTratado de Libre Comercio de América del Norte _b: documentos básicos |
||
| 260 |
_aMéxico, D.F. : _bLa Secretaría, _c1994 |
||
| 300 | _a976 p. | ||
| 590 |
_aBATCH-UPD _b10 _c20130110 _lUCH01 _h1333 |
||
| 590 |
_aBATCH-UPD _b10 _c20130410 _lUCH01 _h0837 |
||
| 590 |
_aBATCH-UPD _b10 _c20130914 _lUCH01 _h1015 |
||
| 590 |
_aCONVERSION _b10 _c20130109 _lUCH01 _h1325 |
||
| 650 | 0 | 4 |
_aMéxico _xComercio _zE.U.A. |
| 650 | 1 | 4 |
_aCanadá _xComercio _xMéxico. _918230 |
| 650 | 1 | 4 |
_aComercio internacional. _925641 |
| 650 | 1 | 4 |
_aE.U.A. _xComercio _xMéxico. _934837 |
| 650 | 1 | 4 |
_aMéxico _xComercio _xCanadá. _976677 |
| 650 | 1 | 4 |
_aTratados _xMéxico. _9114693 |
| 901 | _aBK | ||
| 942 | _cLIBRO | ||
| 949 |
_a338.14 M47 _bBC _cC _d33724000531208 _eC _h89417 _i50315 _mD _si |
||
| 999 |
_c45203 _d45203 |
||